| 000 | 00912cam a2200253 a 4500 | ||
|---|---|---|---|
| 001 | 000014447 | ||
| 005 | 20260429123224.0 | ||
| 008 | 760916s1973 mx b 001 0 spa | ||
| 035 | _a(DLC) 74219871 | ||
| 040 |
_aDO-SdBNP _cICU _dDLC |
||
| 082 |
_a338.9 _bG661p |
||
| 100 | 1 |
_aGordillo, Agustín A. _932598 |
|
| 245 | 1 | 0 |
_aPlanificación, participación y libertad en el proceso de cambio / _cAugustín A. Gordillo. |
| 260 |
_aMéxico : _bCentro Regional de Ayuda Técniva ; _bAgencia para el Desarrollo Internacional, _c1973. |
||
| 300 |
_axiv, 284 p. ; _c23 cm. |
||
| 504 | _aBibliografías: p. 277-284. | ||
| 504 | _aIncluye referencias bibliográficas y notas al pie de las páginas. | ||
| 650 | 0 |
_aPolítica económica _984931 |
|
| 650 | 4 |
_aPlanificación _915996 |
|
| 650 | 0 |
_aParticipación política _9456 |
|
| 650 | 0 |
_aLibertad _931851 |
|
| 910 | _aCatalogación por copia / LC | ||
| 049 | _aBNGR | ||
| 999 |
_c14036 _d14036 |
||